| 000 | 00409cam a2200157ua 4500 | ||
|---|---|---|---|
| 003 | OSt | ||
| 008 | 250306b |||||||| |||| 00| 0 eng d | ||
| 020 | _a0 87814 236 3 | ||
| 041 | _aeng | ||
| 082 |
_a621.67 _bLIL/UN |
||
| 100 |
_aLilyestrand, Wlter E . _97284 |
||
| 245 | _aUnderstanding centrifugal pumps and piping system / | ||
| 260 |
_a : _bPennwell books , _c1984. |
||
| 300 | _a402 ; . | ||
| 942 | _cBK | ||
| 999 |
_c9255 _d9255 |
||